Países del mundo solo por las dos últimas letras - Estadísticas

Estadísticas generales
  • Esta prueba ha sido intentada 654 veces
  • La puntuación promedio es 135 de 196
Respuestas en el mapa
Las respuestas están codificadas por una escala verde-roja en el mapa de la prueba según el % correcto abajo.
 
Estadísticas de respuestas
País % Correcto
Argentina
98%
Bosnia y Herzegovina
98%
Botsuana
98%
China
98%
España
98%
Ghana
98%
Guyana
98%
Myanmar
98%
República Centroafricana
98%
República Dominicana
98%
Sierra Leona
98%
Albania
97%
Alemania
97%
Argelia
97%
Armenia
97%
Australia
97%
Austria
97%
Bielorrusia
97%
Bolivia
97%
Bulgaria
97%
Colombia
97%
Croacia
97%
Eslovaquia
97%
Eslovenia
97%
Estados Federados de Micronesia
97%
Estonia
97%
Esuatini
97%
Etiopía
97%
Finlandia
97%
Francia
97%
Gambia
97%
Georgia
97%
Grecia
97%
Hungría
97%
India
97%
Indonesia
97%
Islandia
97%
Italia
97%
Jordania
97%
Kenia
97%
Letonia
97%
Liberia
97%
Libia
97%
Lituania
97%
Macedonia del Norte
97%
Malasia
97%
Mauritania
97%
Moldavia
97%
Mongolia
97%
Namibia
97%
Nigeria
97%
Polonia
97%
Rumania
97%
Rusia
97%
Santa Lucía
97%
Serbia
97%
Siria
97%
Somalia
97%
Suecia
97%
Tailandia
97%
Tanzania
97%
Turquía
97%
Ucrania
97%
Zambia
97%
Países Bajos
96%
Barbados
95%
Emiratos Árabes Unidos
95%
Estados Unidos
95%
Laos
95%
Marruecos
95%
Palaos
95%
Antigua y Barbuda
94%
Canadá
93%
Granada
93%
Irlanda
93%
Nueva Zelanda
93%
Ruanda
93%
Uganda
93%
Brasil
92%
Costa de Marfil
92%
Afganistán
89%
Azerbaiyán
89%
Bután
89%
Irán
89%
Kazajistán
89%
Kirguistán
89%
Omán
89%
Pakistán
89%
Sudán
89%
Taiwán
89%
Tayikistán
89%
Turkmenistán
89%
Uzbekistán
89%
Bélgica
88%
Costa Rica
88%
Dinamarca
88%
Dominica
88%
Jamaica
88%
México
88%
Mónaco
88%
República Checa
88%
Sudáfrica
88%
San Cristóbal y Nieves
82%
Angola
78%
Guatemala
78%
Nauru
78%
Perú
78%
Venezuela
78%
Chile
75%
Guinea Ecuatorial
74%
Nepal
74%
Portugal
74%
Senegal
74%
Timor Oriental
74%
Reino Unido
71%
San Vicente y las Granadinas
66%
Trinidad y Tobago
65%
Egipto
63%
Lesoto
63%
Corea del Sur
61%
Ecuador
61%
El Salvador
61%
Paraguay
61%
Uruguay
61%
Noruega
59%
Tonga
59%
Bahamas
58%
Comoras
58%
Corea del Norte
58%
Filipinas
58%
Honduras
58%
Maldivas
58%
Arabia Saudita
57%
Malta
57%
Catar
56%
Luxemburgo
56%
Madagascar
56%
República del Congo
56%
República Democrática del Congo
56%
Togo
56%
Gabón
54%
Islas Salomón
54%
Japón
54%
Malí
51%
Surinam
48%
Vietnam
48%
Panamá
47%
Yemen
46%
Chad
43%
Eritrea
43%
Guinea
43%
Papúa Nueva Guinea
43%
Cuba
42%
Níger
40%
Burundi
39%
Singapur
37%
Sudán del Sur
37%
Irak
36%
Nicaragua
34%
Bangladés
33%
Seychelles
33%
Haití
32%
Kiribati
32%
Yibuti
32%
Belice
30%
Mozambique
28%
Zimbabue
28%
Túnez
26%
Suiza
21%
Andorra
16%
Camerún
16%
Sri Lanka
16%
Burkina Faso
15%
Camboya
15%
Baréin
14%
Benín
14%
Liechtenstein
14%
Santo Tomé y Príncipe
14%
Ciudad del Vaticano
13%
Israel
13%
Líbano
13%
Malaui
13%
San Marino
13%
Chipre
12%
Cabo Verde
10%
Mauricio
9%
Montenegro
9%
Tuvalu
9%
Kosovo
8%
Samoa
8%
Kuwait
7%
Vanuatu
7%
Fiyi
6%
Guinea-Bissau
6%
Islas Marshall
5%
Brunéi
3%
No se encontraron pruebas coincidentes
Distribución de puntuación
Porcentaje de gente con cada puntuación
Porcentaje por número respondido
Historial de tus puntuaciones
No has intentado esta prueba.